Učitavanje...

Sardine and mackerel resouuces : report of the working party

Bibliografski detalji
Daljnji autori: Lokeshwar,R R
Format: Printed Book
Jezik:Undetermined
Izdano: New Delhi ICAR 1971
LEADER 00492nam a2200145Ia 4500
008 140316s9999 xx 000 0 und d
082 |a 639.3  |b LOK/SA 
100
245 |a Sardine and mackerel resouuces : report of the working party 
260 |a New Delhi  |b ICAR  |c 1971 
300 |a 52 
700 |a Lokeshwar,R R 
942 |2 ddc  |c REF 
999 |c 17652  |d 17652 
952 |0 0  |1 0  |2 ddc  |4 0  |6 639_300000000000000_LOKSA  |7 0  |9 25269  |a KAUCLV  |b KAUCLV  |c REF  |d 2014-03-18  |o 639.3 LOK/SA  |p 201987  |r 2014-03-18  |w 2014-03-18  |y REF